Waste electrical and electronic equipment (WEEE) handbook (Record no. 61440)

MARC details
000 -LEADER
fixed length control field 00775nam a2200193 a 4500
008 - FIXED-LENGTH DATA ELEMENTS--GENERAL INFORMATION
fixed length control field 150513s2012 ||||||||||||||||| || u
020 ## - INTERNATIONAL STANDARD BOOK NUMBER
International Standard Book Number 9780857090898
050 ## - LIBRARY OF CONGRESS CALL NUMBER
Classification number TD 799.85 Was
100 ## - MAIN ENTRY--PERSONAL NAME
Personal name Stevels, Ab
245 10 - TITLE STATEMENT
Title Waste electrical and electronic equipment (WEEE) handbook
Statement of responsibility, etc. by Vannesa Goodship and Ab Stevels
260 ## - PUBLICATION, DISTRIBUTION, ETC.
Place of publication, distribution, etc. USA:
Name of publisher, distributor, etc. Woodheap Publishing Ltd
Date of publication, distribution, etc. 2012
300 ## - PHYSICAL DESCRIPTION
Extent xxviii, 724.: ill
350 ## - PRICE (NR) (BK AM CF MU VM SE) [OBSOLETE]
Price 197.61
650 ## - SUBJECT ADDED ENTRY--TOPICAL TERM
Topical term or geographic name entry element ELECTRONIC WASTE--HANDBOOKS, MANUALS, ETC
650 ## - SUBJECT ADDED ENTRY--TOPICAL TERM
Topical term or geographic name entry element RECYCLING (WASTE, ETC.)
650 ## - SUBJECT ADDED ENTRY--TOPICAL TERM
Topical term or geographic name entry element ELECTRONIC WASTE--ENVIRONMENTAL ASPECTS
700 ## - ADDED ENTRY--PERSONAL NAME
Personal name Goodship, Vannessa
995 ## - RECOMMENDATION 995 [LOCAL, UNIMARC FRANCE]
-- CBU-MAIN LIBRARY (Kitwe)
-- 197.61
-- 1
-- AVAILABLE
-- Jul 14, 2015
-- Main Library Open Access Collection
Holdings
Withdrawn status Lost status Source of classification or shelving scheme Damaged status Not for loan Home library Current library Shelving location Date acquired Total Checkouts Full call number Barcode Date due Date last seen Date last checked out Price effective from Koha item type
          CBU-MAIN LIBRARY, KITWE. CBU-MAIN LIBRARY, KITWE.   11/30/2022 1 TD 799.85 Was 745627 03/13/2026 02/26/2026 02/26/2026 11/30/2022 MONOGRAPH